Los principios matemáticos de la filosofía natural
Salvato in:
| Autore principale: | |
|---|---|
| Natura: | Libro |
| Lingua: | spagnolo |
| Pubblicazione: |
Santiago
Ercilla
1988
|
| Serie: | Las más grandes obras del conocimiento, 10
|
| Soggetti: | |
| Tags: |
Aggiungi Tag
Nessun Tag, puoi essere il primo ad aggiungerne!!
|
MARC
| LEADER | 00000nam a2200000 a 4500 | ||
|---|---|---|---|
| 001 | UCW8785 | ||
| 003 | CL-VaPUC | ||
| 005 | 20220818175822.0 | ||
| 008 | 881027e19880000CL |||||||||||||||||spa|d | ||
| 999 | |c 221047 |d 221045 | ||
| 040 | |c Pontificia Universidad Católica de Valparaíso | ||
| 082 | 0 | 4 | |a 531 |b NEW |2 21 |
| 100 | |a Newton, Isaac |e autor |9 875665 | ||
| 245 | 1 | 4 | |a Los principios matemáticos de la filosofía natural |
| 260 | |a Santiago |b Ercilla |c 1988 | ||
| 300 | |a 144 p | ||
| 490 | 0 | |a Las más grandes obras del conocimiento, 10 | |
| 500 | |a Se distribuye con revista Ercilla | ||
| 583 | |a last modification |c 19881027 00:00:00 |k Rodrigo Vera | ||
| 650 | 0 | |a Mecánica |9 260096 | |
| 650 | 7 | |a MECANICA CELESTE |2 CL-VaPUC |9 269941 | |
| 650 | 7 | |a OPTICA OBRAS ANTERIORES A 1800 |2 CL-VaPUC |9 314032 | |
| 650 | 7 | |a TEORIA ONDULATORIA DE LA LUZ |2 CL-VaPUC |9 269942 | |
| 942 | |c BK |2 ddc | ||
| 945 | |d 19881027 00:00:00 | ||
| 952 | |0 0 |1 0 |4 0 |6 531_000000000000000_NEW_1988 |7 0 |8 A |9 213968 |a BIBHIS |b BIBHIS |d 2019-11-15 |i 1331205 |o 531 NEW 1988 |p 1331205 |r 2025-01-20 |w 2019-11-15 |y BK |k HIS | ||